Experiencias innovadoras en Participación Comunitaria y Gerencia de Centros Educativos de la República Dominicana (Record no. 8549)
[ view plain ]
| 000 -LEADER | |
|---|---|
| campo de control de longitud fija | 00530nam a2200133Ia 4500 |
| 001 - NÚMERO DE CONTROL | |
| campo de control | 2679 |
| 008 - DATOS DE LONGITUD FIJA--INFORMACIÓN GENERAL | |
| campo de control de longitud fija | 241024s9999 xx 000 0 und d |
| 082 ## - NÚMERO DE LA CLASIFICACIÓN DECIMAL DEWEY | |
| Número de clasificación | RD/373.7293/R426e/1999 |
| 100 ## - ENTRADA PRINCIPAL--NOMBRE DE PERSONA | |
| Nombre de persona | República Dominicana. Secretaría de Estado de Educacion y Cultura. Proyecto de Apoyo y ampliación de la educación media |
| 245 #0 - MENCIÓN DEL TÍTULO | |
| Título | Experiencias innovadoras en Participación Comunitaria y Gerencia de Centros Educativos de la República Dominicana |
| 260 ## - PUBLICACIÓN, DISTRIBUCIÓN, ETC. | |
| Nombre del editor, distribuidor, etc. | Santo Domingo |
| Fecha de publicación, distribución, etc. | 1999 |
| 901 ## - ELEMENTOS DE DATOS A LOCAL LDA (RLIN) | |
| a | 5/12/2012 3:43:27 p.m. |
No items available.